Statistics for Guess That Dog Breed

Click here to take the quiz!

General Stats

  • This quiz has been taken 9 times
  • The average score is 4 of 15

Answer Stats

Answer% Correct
Labrador
86%
Chihuahua
86%
Husky
86%
Jack Russel
71%
Pug
29%
Golden Retriver
14%
Bull Dog
14%
Whippet
14%
Dingo
14%
German Shepard
14%
Poodle
14%
Australian Shepard
0%
Labradoodle
0%
Cavoodle
0%
Boxer
0%

Score Distribution

Percentile by Number Answered

Percent of People with Each Score

Your Score History

You have not taken this quiz